000 00828nam a2200217 i 4500
001 123919
003 ES-MaACL
005 20230906192257.0
007 t|
008 070214s1960 sp r ||||1| spa d
100 1 _aRamos Folques, Alejandro.
_995313
245 1 4 _aLas invasiones germánicas en la provincia de Alicante
_b: (siglos III y V de J.C.) /
_cAlejandro Ramos Folques.
260 _aAlicante :
_bDiputación Provincial,
_c1960.
300 _a96 p., 14 lám. :
_bil. ;
_c21 cm.
490 1 _aPublicaciones del Instituto de Estudios Alicantinos
710 1 _aAlicante (Provincia).
_bDiputación Provincial.
_91336
710 2 _aInstituto de Estudios Alicantinos.
_94886
830 0 _aPublicaciones del Instituto de Estudios Alicantinos
_9182064
852 _aES-MaACL
_jC-19601
_bR.46167
999 _c123919
_d123919